Asistente de prestamos y descuentos Banco Continental S.A / (Registro nro. 5816)

000 -CABECERA
Campo de control de longitud fija 00754nam a22001817a 4500
008 - CAMPO FIJO DE DESCRIPCIÓN FIJA--INFORMACIÓN GENERAL
Campo de control de longitud fija 140618b2006 ho ||||| |||| 00| 0 spa d
090 ## - CAMPOS LOCALES
Número de clasificación (OCLC) ; Número de clasificación,LLAMADA (RLIN) 00031
Signatura local (OCLC) ; Signatura sin dividir, número de libro, CALL (RLIN) AE 2006
100 ## - ENCABEZAMIENTO PRINCIPAL--NOMBRE PERSONAL
Nombre de persona Domínguez Ramírez, María Josefina
9 (RLIN) 78
245 ## - TÍTULO PROPIAMENTE DICHO
Título Asistente de prestamos y descuentos Banco Continental S.A /
Mención de responsabilidad, etc. María Josefina Domínguez Ramírez
260 ## - PUBLICACIÓN, DISTRIBUCIÓN, ETC (PIE DE IMPRENTA)
Lugar de publicación, distribución, etc. Honduras, San Pedro Sula :
Nombre del editor, distribuidor, etc. Universidad de San Pedro Sula,
Fecha de publicación, distribución, etc. 2006.
300 ## - DESCRIPCIÓN FÍSICA
Extensión 64 p.
500 ## - NOTA GENERAL
Nota general MONOGRAFIA EN BODEGA
502 ## - NOTA DE TESIS
Programa Académico Licenciatura en Administración de Empresas /
Nombre de la institución que otorga el título Universidad de San Pedro Sula.
650 ## - ASIENTO SECUNDARIO DE MATERIA--TÉRMINO DE MATERIA
Nombre de materia o nombre geográfico como elemento de entrada ADMINISTRACIÓN DE EMPRESAS
9 (RLIN) 71
650 ## - ASIENTO SECUNDARIO DE MATERIA--TÉRMINO DE MATERIA
Nombre de materia o nombre geográfico como elemento de entrada ASISTENTE DE PRESTAMOS Y DESCUENTOS
9 (RLIN) 91
650 ## - ASIENTO SECUNDARIO DE MATERIA--TÉRMINO DE MATERIA
Nombre de materia o nombre geográfico como elemento de entrada BANCO CONTIENTAL
9 (RLIN) 88
942 ## - ELEMENTOS KOHA
Fuente de clasificación o esquema de ordenación en estanterías
Koha tipo de item Monografía
Parte de Clasificación 00031 AE 2006
Existencias
Localización permanente Signatura completa Colección Fecha adquisición Estado Disponibilidad Asignatura Tipo de Descarte Ejemplar Formato de Material Fecha última consulta Mostrar en OPAC Localización actual Fuente de clasificación o esquema Fecha de Descarte Código de barras
Biblioteca Central 00031 AE 2006Hemeroteca2014-06-23Sin préstamoNULLUSAPDesactualizadoEj. 1Papel2014-06-23 Biblioteca Central  2016-06-0708430

Campus Universitario - Ave. Circunvalación - San Pedro Sula, Honduras, C.A. / Tel: +504 2561.8777 / Fax: +504 2561.8787 / Email: info@usap.edu
Todos los Derechos Reservados. © MMXIII Universidad de San Pedro Sula